University Home | Library Home | Institutional Repository

Follow-up Audit report: (Record no. 216412)

MARC details
000 -LEADER
fixed length control field 00606nam a22001577a 4500
005 - DATE AND TIME OF LATEST TRANSACTION
control field 20260306144651.0
008 - FIXED-LENGTH DATA ELEMENTS--GENERAL INFORMATION
fixed length control field 260306b ||||| |||| 00| 0 eng d
040 ## - CATALOGING SOURCE
Original cataloging agency LC
Transcribing agency UNZA
Modifying agency UNZA
Description conventions RDA
099 ## - LOCAL FREE-TEXT CALL NUMBER (OCLC)
Classification number GOV. ZAM (02) 2022
110 ## - MAIN ENTRY--CORPORATE NAME
Corporate name or jurisdiction name as entry element Office of the Auditor General
245 ## - TITLE STATEMENT
Title Follow-up Audit report:
Remainder of title performance audit report of the rehabilitation and reintegration of prisoners in Zambia /
Statement of responsibility, etc. Office of the Auditor General
260 ## - PUBLICATION, DISTRIBUTION, ETC.
Place of publication, distribution, etc. Lusaka :
Name of publisher, distributor, etc. Office of the Auditor General ,
Date of publication, distribution, etc. 2022.
300 ## - PHYSICAL DESCRIPTION
Extent 62 pages :
Other physical details illustrations.
650 ## - SUBJECT ADDED ENTRY--TOPICAL TERM
Topical term or geographic name entry element Finance
General subdivision Public
-- Auditing
Geographic subdivision Zambia.
999 ## -
-- 216412
-- 216412
942 ## - ADDED ENTRY ELEMENTS (KOHA)
Koha item type Government Publications
Holdings
Withdrawn status Lost status Source of classification or shelving scheme Damaged status Not for loan Home library Current library Shelving location Date acquired Total Checkouts Full call number Barcode Date last seen Uniform Resource Identifier Price effective from Koha item type
    Library of Congress Classification     Main Library Main Library Special collections 03/06/2026   GOV.ZAM (02) 2022 33729006793884 03/06/2026 C.1 03/06/2026 Government Publications
© 2026 - The University of Zambia Library - Koha v25.11